| 000 | 01240nam0 2200289 ib4500 | ||
|---|---|---|---|
| 001 | BY-MI0005-br130024 | ||
| 010 |
^a978-5-94743-630-3 ^bв переплете ^d1р.42к. |
||
| 100 | ^a20260305d2009 d y0rusy50 ca | ||
| 101 | 0 | ^arus | |
| 102 | ^aRU | ||
| 105 | ^aac z 000 y | ||
| 109 | ^ama | ||
| 200 | 1 |
^aТюпа, Томка и сорока ^e[для среднего школьного возраста] ^fЕвгений Чарушин ^gрисунки автора |
|
| 210 |
^aМосква ^cКниги Искателя ^d2009 |
||
| 215 |
^a61, [2] с. ^cил., портр. ^d22 см |
||
| 225 | 1 | ^aБиблиотека школьника | |
| 345 | ^96000 экз. | ||
| 606 |
^aРУССКАЯ ЛИТЕРАТУРА ^3BY-NLB-ar28702 ^2DVNLB |
||
| 606 |
^aДЕТСКАЯ И ЮНОШЕСКАЯ ЛИТЕРАТУРА ^3BY-NLB-ar2691728 ^2DVNLB |
||
| 686 |
^a84(2=411.2)6 ^2rubbk |
||
| 690 |
^a1 ^xRSEK ^2Base ^9BY-MI0005 |
||
| 700 | 1 |
^aЧарушин ^bЕ. И. ^gЕвгений Иванович ^cписатель ^cхудожник ^f1901—1965 ^3BY-NLB-ar2488248 ^4070 ^4040 |
|
| 801 | 0 |
^aBY ^bBY-MI0005 ^c20260305 ^gRCR |
|
| 035 | ^a(BY-MI0005)BY-MI0005-br130024 | ||
| 899 | 0 |
^aBY-MI0005 ^iЧ-23 ^h84(2=411.2)6 |
|